Banking and Capital Markets (Record no. 3159)
[ view plain ]
| 000 -LEADER | |
|---|---|
| fixed length control field | 00466nam a22001697a 4500 |
| 005 - DATE AND TIME OF LATEST TRANSACTION | |
| control field | 20250128144821.0 |
| 008 - FIXED-LENGTH DATA ELEMENTS--GENERAL INFORMATION | |
| fixed length control field | 250128b |||||||| |||| 00| 0 eng d |
| 020 ## - INTERNATIONAL STANDARD BOOK NUMBER | |
| International Standard Book Number | 9781910661581 |
| 050 ## - LIBRARY OF CONGRESS CALL NUMBER | |
| Classification number | KD2094 |
| Item number | .A1 ADA |
| 100 ## - MAIN ENTRY--PERSONAL NAME | |
| Personal name | Adams David |
| 245 ## - TITLE STATEMENT | |
| Title | Banking and Capital Markets |
| Statement of responsibility, etc. | David Adams |
| 260 ## - PUBLICATION, DISTRIBUTION, ETC. | |
| Place of publication, distribution, etc. | Guildford |
| Name of publisher, distributor, etc. | College of Law publishing |
| Date of publication, distribution, etc. | 2016 |
| 300 ## - PHYSICAL DESCRIPTION | |
| Extent | xx. 283p. |
| Dimensions | 30 cm x 21 cm |
| 500 ## - GENERAL NOTE | |
| General note | Includes Index |
| 650 ## - SUBJECT ADDED ENTRY--TOPICAL TERM | |
| Source of heading or term | Banking |
| 942 ## - ADDED ENTRY ELEMENTS (KOHA) | |
| Source of classification or shelving scheme | Library of Congress Classification |
| Koha item type | Books |
| Suppress in OPAC | No |
| 999 ## - | |
| -- | 3159 |
| -- | 3159 |
| Withdrawn status | Lost status | Source of classification or shelving scheme | Damaged status | Not for loan | Collection | Home library | Current library | Shelving location | Date acquired | Total checkouts | Full call number | Barcode | Date last seen | Copy number | Price effective from | Koha item type |
|---|---|---|---|---|---|---|---|---|---|---|---|---|---|---|---|---|
| Library of Congress Classification | Non-fiction | Business Library (Miotso) | Business Library (Miotso) | General stacks | 01/28/2025 | KD2094 .A1 ADA | BSSM00000681 | 01/28/2025 | 1 | 01/28/2025 | Books | |||||
| Library of Congress Classification | Non-fiction | Business Library (Miotso) | Business Library (Miotso) | General stacks | 01/28/2025 | KD2094 .A1 ADA | BSSM00000682 | 01/28/2025 | 2 | 01/28/2025 | Books | |||||
| Library of Congress Classification | Non-fiction | Business Library (Miotso) | Business Library (Miotso) | General stacks | 01/28/2025 | KD2094 .A1 ADA | BSSM00000683 | 01/28/2025 | 3 | 01/28/2025 | Books | |||||
| Library of Congress Classification | Non-fiction | Law Library (Christ Temple) | Law Library (Christ Temple) | General stacks | 02/20/2025 | KD2094.A1 ADA | LLCT00000453 | 02/20/2025 | 4 | 02/20/2025 | Books | |||||
| Library of Congress Classification | Non-fiction | Law Library (Christ Temple) | Law Library (Christ Temple) | General stacks | 02/20/2025 | KD2094.A1 ADA | LLCT00000454 | 02/20/2025 | 5 | 02/20/2025 | Books | |||||
| Library of Congress Classification | Non-fiction | Law Library (Christ Temple) | Law Library (Christ Temple) | General stacks | 02/20/2025 | KD2094.A1 ADA | LLCT00000455 | 02/20/2025 | 4 | 02/20/2025 | Books | |||||
| Library of Congress Classification | Non-fiction | Law Library (Christ Temple) | Law Library (Christ Temple) | General stacks | 02/20/2025 | KD2094.A1 ADA | LLCT00000456 | 02/20/2025 | 5 | 02/20/2025 | Books | |||||
| Library of Congress Classification | Non-fiction | Law Library (Christ Temple) | Law Library (Christ Temple) | General stacks | 02/20/2025 | KD2094.A1 ADA | LLCT00000457 | 02/20/2025 | 4 | 02/20/2025 | Books | |||||
| Library of Congress Classification | Non-fiction | Law Library (Christ Temple) | Law Library (Christ Temple) | General stacks | 02/20/2025 | KD2094.A1 ADA | LLCT00000458 | 02/20/2025 | 5 | 02/20/2025 | Books |